| 000 | 00723nam a2200217 i 4500 | ||
|---|---|---|---|
| 001 | 32679 | ||
| 003 | ES-MaACL | ||
| 005 | 20250813063259.0 | ||
| 007 | t| | ||
| 008 | 030131s1885 fr af |||| | fre d | ||
| 080 | _a133.5:54(091) | ||
| 100 | 1 |
_aBerthelot, Marcellin, _d1827-1907 _9125961 |
|
| 245 | 1 | 4 |
_aLes origines de l'alchimie / _cpar M. Berthelot. |
| 260 |
_aParís : _bG. Steinhel, _c1885 ( _eLe Mans : _fE. Monnoyer) |
||
| 300 |
_aXX, 445 p., 3 lám. : _b1 retr. aut. ; _c24 cm. |
||
| 530 | _aDisponible en formato digital. | ||
| 650 | 4 |
_aAlquimia. _99742 |
|
| 852 |
_aES-MaACL _jF-10694 |
||
| 856 |
_uhttp://archive.org/details/lesoriginesdela00bertgoog _zInternet Archive |
||
| 999 |
_c32679 _d32679 |
||